Vivekananda and indian renaissance / (Record no. 132771)

MARC details
000 -LEADER
fixed length control field 00686nam a22002417a 4500
005 - DATE AND TIME OF LATEST TRANSACTION
control field 20170124110159.0
010 ## - LIBRARY OF CONGRESS CONTROL NUMBER
LC control number A-151265
020 ## - INTERNATIONAL STANDARD BOOK NUMBER
Terms of availability 80.00
035 ## - SYSTEM CONTROL NUMBER
System control number A-151265
037 ## - SOURCE OF ACQUISITION
Source of stock number/acquisition Cen Lib/Ret
040 ## - CATALOGING SOURCE
Original cataloging agency DPL
Language of cataloging EN
082 ## - DEWEY DECIMAL CLASSIFICATION NUMBER
Classification number 181.46
Item number AHL
100 ## - MAIN ENTRY--PERSONAL NAME
Personal name Ahluwalia, B.K.
9 (RLIN) 35695
245 ## - TITLE STATEMENT
Title Vivekananda and indian renaissance /
Statement of responsibility, etc by B.K. Ahluwalia [and] Shashi Ahluwalia
246 ## - VARYING FORM OF TITLE
Remainder of title
260 ## - PUBLICATION, DISTRIBUTION, ETC. (IMPRINT)
Name of publisher, distributor, etc Associated Publishing Company
Place of publication, distribution, etc New Delhi
Date of publication, distribution, etc 1983
270 ## - ADDRESS
City New Delhi
300 ## - PHYSICAL DESCRIPTION
Extent 198p.
Dimensions 19cm(Hb)
650 ## - SUBJECT ADDED ENTRY--TOPICAL TERM
Topical term or geographic name as entry element Philosophy
9 (RLIN) 40921
650 ## - SUBJECT ADDED ENTRY--TOPICAL TERM
Topical term or geographic name as entry element Renaissance
9 (RLIN) 34908
700 ## - ADDED ENTRY--PERSONAL NAME
Personal name Ahluwalia, Shashi
9 (RLIN) 17500
942 ## - ADDED ENTRY ELEMENTS (KOHA)
Source of classification or shelving scheme Dewey Decimal Classification
Koha item type English Books
Classification part 181.46
Call number suffix AHL
Holdings
Withdrawn status Lost status Damaged status Not for loan Home library Current library Date acquired Source of acquisition Cost, normal purchase price Total Checkouts Full call number Barcode Date last seen Copy number Cost, replacement price Price effective from Koha item type Public note
Written off       Central Library Central Library 23/07/2015 Cen Lib/Ret 80.00   181.46 AHL A-151265 23/07/2015 1 80.00 15/09/2016 English Books W/d list no. 6806/5

© Delhi Public Library
Hit Counter
free hit counter